000 00242nam a2200109Ia 4500
008 190216s9999||||xx |||||||||||||| ||und||
100 _aNull
245 0 _aGarasthithi Boudikam
260 _bBhasha Institute
650 _aPhysics
942 _cBK
999 _c40309
_d40309